<?xml version="1.0" encoding="UTF-8"?>
<collection xmlns="http://www.loc.gov/MARC21/slim">
 <record>
  <leader>00963cam a2200289 7i4500</leader>
  <controlfield tag="001">0000054060</controlfield>
  <controlfield tag="005">20220121090000.0</controlfield>
  <controlfield tag="008">161202s2015                                  </controlfield>
  <datafield tag="020" ind1=" " ind2=" ">
   <subfield code="a">9787513209328 (pbk.) </subfield>
  </datafield>
  <datafield tag="040" ind1=" " ind2=" ">
   <subfield code="a">TSAM</subfield>
  </datafield>
  <datafield tag="090" ind1="0" ind2="0">
   <subfield code="a">RM184 </subfield>
   <subfield code="b">WU 2015</subfield>
  </datafield>
  <datafield tag="100" ind1="1" ind2=" ">
   <subfield code="a">Wu Fu Dong </subfield>
   <subfield code="e">author </subfield>
  </datafield>
  <datafield tag="245" ind1="1" ind2="0">
   <subfield code="a">Document selection on acupuncture  </subfield>
   <subfield code="c">Wu Fu Dong, Chong Xiao Fong.</subfield>
  </datafield>
  <datafield tag="250" ind1=" " ind2=" ">
   <subfield code="a">Third edition.</subfield>
  </datafield>
  <datafield tag="264" ind1=" " ind2="1">
   <subfield code="a">Beijing, China: </subfield>
   <subfield code="b">China Press of Traditional Chinese medicine, </subfield>
   <subfield code="c">2015.</subfield>
  </datafield>
  <datafield tag="300" ind1=" " ind2=" ">
   <subfield code="a">258 pages: </subfield>
   <subfield code="b">illustrations; </subfield>
   <subfield code="c">28 cm.</subfield>
  </datafield>
  <datafield tag="336" ind1=" " ind2=" ">
   <subfield code="a">text</subfield>
   <subfield code="2">rdacontent</subfield>
  </datafield>
  <datafield tag="337" ind1=" " ind2=" ">
   <subfield code="a">unmediated</subfield>
   <subfield code="2">rdamedia</subfield>
  </datafield>
  <datafield tag="338" ind1=" " ind2=" ">
   <subfield code="a">volume</subfield>
   <subfield code="2">rdacarrier</subfield>
  </datafield>
  <datafield tag="500" ind1="0" ind2="0">
   <subfield code="a">In Chinese</subfield>
  </datafield>
  <datafield tag="501" ind1="0" ind2="0">
   <subfield code="a">TCM</subfield>
  </datafield>
  <datafield tag="504" ind1="0" ind2="0">
   <subfield code="a">Includes bibliographical references and index</subfield>
  </datafield>
  <datafield tag="650" ind1="1" ind2="0">
   <subfield code="a">Acupuncture points -- </subfield>
   <subfield code="x">Therapeutic use </subfield>
  </datafield>
  <datafield tag="650" ind1="1" ind2="0">
   <subfield code="a">Chinese Medicine -- </subfield>
   <subfield code="x">Acupuncture </subfield>
  </datafield>
  <datafield tag="650" ind1="1" ind2="0">
   <subfield code="a">Acupuncture -- </subfield>
   <subfield code="x">Chinese Traditional </subfield>
  </datafield>
  <datafield tag="700" ind1="1" ind2=" ">
   <subfield code="a">Chong Xiao Fong </subfield>
  </datafield>
  <datafield tag="901" ind1=" " ind2=" ">
   <subfield code="u">http://www.cptcm.com</subfield>
  </datafield>
 </record>
</collection>
